000 00839cam a2200241 a 4500
001 16396999
005 20241108175813.0
008 100811s2010 dcua b 000 0 eng d
020 _a9780821383957 (pbk.)
020 _a0821383957 (pbk.)
050 0 0 _aHD57.7
_b.A533 2010
082 0 0 _a338.9
_223
100 1 _aAndrews, Matt.
245 1 0 _aDevelopment as leadership-led change :
_ba report for the Global Leadership Initiative /
_cMatt Andrews, Jesse McConnell, Alison Wescott ; [foreword, J. Edgardo Campos].
260 _aWashington, D.C. :
_bThe World Bank,
_c2010.
300 _avii, 75 p. :
_bill. ;
_c25 cm.
650 0 _aLeadership
_zDeveloping countries.
650 0 _aOrganizational change
_zDeveloping countries.
700 1 _aMcConnell, Jesse.
700 1 _aWescott, Alison.
710 2 _aWorld Bank.
942 _2lcc
_cBK
_n0
999 _c939
_d939